000 00424nam a2200181Ia 4500
001 13389
005 20260306164757.0
008 260306t2007||||xx |||||||||||||| ||spa||
041 _aESP
082 _a003.3
_bL519
100 _aLaw, Averill M.
_eAUT
245 0 _aSimulation modeling & analysis
260 _c2007
300 _a767 páginas :
_c24 cm.
650 _aGEN
654 _aCCC
942 _cLIB
_dJUS
_fJUS
_2ddc
_n
999 _c13389
_d13389